| 000 | 00485cam a2200145 4500500 | ||
|---|---|---|---|
| 005 | 20260329015113.0 | ||
| 041 | _afre | ||
| 042 | _adc | ||
| 100 | 1 | 0 |
_aGuidon-Le Brun, Maryvonne _eauthor |
| 245 | 0 | 0 | _aReceiving SDS updates: identifying important information |
| 260 | _c2026. | ||
| 500 | _a86 | ||
| 786 | 0 | _nEnvironment | - | 2026-03-09 | p. 46-46 | |
| 856 | 4 | 1 | _uhttps://stm.cairn.info/managing-a-classified-facility--bdti22711210-fic0323-page-46?lang=en&redirect-ssocas=7080 |
| 999 |
_c1894586 _d1894586 |
||